000 00270nam a22001217a 4500
041 _aENG
100 _aKundan.K
245 _aCommonsense Reasoning
260 _aDelhi
_bBSC Pub
_c2000
300 _a581
650 _aCompetitlve Exam
856 _uCompetitlve Exam ( 36 )
999 _c906
_d906